000 00686nam a22002417a 4500
003 UA-OsUOA
001 32465
007 ta
008 20050202b un ||||| |||| 00| 0 ukr d
090 _a001
_bФ 79
942 _cBK
040 _aUA-OsUOA
_brus
_cUA-OsUOA
_dUA-OsUOA
245 _aФормула творчества
_bРассказы о лауреатах премии ленинского комсомола в области науки и техники 1977 года
300 _a224 с.
955 _a0
041 _arus
080 _a001
591 _a72
260 _aМ.
_bМолодая гвардия
_c1979
044 _aRU
650 7 _2UDC
999 _c318909
_d318909